|
|
|
|
| LEADER |
00000nam0a2200000 4500 |
| 001 |
66101 |
| 005 |
20231031071135.0 |
| 010 |
|
|
|a 5922106619
|
| 035 |
|
|
|a (RuTPU)RU\TPU\book\70198
|
| 090 |
|
|
|a 66101
|
| 100 |
|
|
|a 20040716d2006 k y0rusy50 ca
|
| 101 |
0 |
|
|a rus
|
| 102 |
|
|
|a RU
|
| 105 |
|
|
|a a z 001zy
|
| 200 |
1 |
|
|a Контактные задачи теории упругости для неоднородных сред
|f С. М. Айзикович [и др.]
|
| 210 |
|
|
|a Москва
|c Физматлит
|d 2006
|
| 215 |
|
|
|a 240 с.
|c ил.
|
| 320 |
|
|
|a Библиогр.: с. 218-233.
|
| 330 |
|
|
|a Монография посвящена разработке и обоснованию новых эффективных математических методов решения статических контактных задач теории упругости для неоднородных сред. Результаты, полученные в работе, дают возможность делать расчеты и определять параметры контактного взаимодействия функционально-градиентных материалов и могут быть использованы как в непосредственных инженерных расчетах, так и при оценке эффективности прямых численных методов. Для научных и инженерно-технических работников, специалистов в области машиностроения, приборостроения и других отраслей современной техники, а также для преподавателей, аспирантов и студентов вузов, специализирующихся в области механики деформируемого твердого тела.
|
| 610 |
1 |
|
|a неоднородные среды
|
| 610 |
1 |
|
|a упругость
|
| 610 |
1 |
|
|a контактные задачи
|
| 610 |
1 |
|
|a интегральные уравнения
|
| 610 |
1 |
|
|a математические методы
|
| 610 |
1 |
|
|a решение
|
| 610 |
1 |
|
|a прикладные задачи
|
| 610 |
1 |
|
|a аналитические методы
|
| 610 |
1 |
|
|a пластины
|
| 610 |
1 |
|
|a изгиб
|
| 610 |
1 |
|
|a напряженно-деформированное состояние
|
| 610 |
1 |
|
|a неоднородные покрытия
|
| 610 |
1 |
|
|a упругие характеристики
|
| 675 |
|
|
|a 539.31
|v 3
|
| 701 |
|
1 |
|a Айзикович
|b С. М.
|g Сергей Михайлович
|
| 701 |
|
1 |
|a Александров
|b В. М.
|g Виктор Михайлович
|
| 701 |
|
1 |
|a Белоконь
|b А. В.
|g Александр Владимирович
|
| 701 |
|
1 |
|a Кренев
|b Л. И.
|g Леонид Иванович
|
| 701 |
|
1 |
|a Трубчик
|b И. С.
|g Ирина Степановна
|
| 801 |
|
1 |
|a RU
|b 63413507
|c 20040716
|g PSBO
|
| 801 |
|
2 |
|a RU
|b 63413507
|c 20150519
|g PSBO
|
| 942 |
|
|
|c BK
|